banner koha

Yield of ‘Gigante’ cactus pear cultivated under biofertilizer doses and application intervals (Registro n. 338455)

MARC details
000 -LÍDER
fixed length control field 03743nab a2200337 i 4500
003 - CÓDIGO MARC DA AGÊNCIA CATALOGADORA
Campo de controle BR-BrBNA
005 - DATA E HORA DA ÚLTIMA ATUALIZAÇÃO
Campo de controle 20250929175220.0
008 - CAMPO DE TAMANHO FIXO
fixed length control field 250929b2021 bl.mr|pooa||| 00| 0 eng |
040 ## - FONTE DA CATALOGAÇÃO
Agência catalogadora BR-BrBNA
Idioma da catalogação eng
072 ## - CATEGORIA AGRIS
Código AGRIS F04
Código do objeto 1990
072 ## - CATEGORIA AGRIS
Código AGRIS F01
100 ## - ENTRADA PRINCIPAL - NOME PESSOAL
Nome pessoal Fonseca, Varley A.
100 ## - ENTRADA PRINCIPAL - NOME PESSOAL
Nome pessoal Rodrigues, Carlindo S.
100 ## - ENTRADA PRINCIPAL - NOME PESSOAL
Nome pessoal Alvarenga, Rodrigo R.
100 ## - ENTRADA PRINCIPAL - NOME PESSOAL
Nome pessoal Santos, Delfran B. dos
100 ## - ENTRADA PRINCIPAL - NOME PESSOAL
Nome pessoal Bebé, Felizarda V.
100 ## - ENTRADA PRINCIPAL - NOME PESSOAL
Nome pessoal Pina, Douglas S.
245 ## - TÍTULO PRINCIPAL
Título principal Yield of ‘Gigante’ cactus pear cultivated under biofertilizer doses and application intervals
500 ## - NOTA GERAL
Nota geral Publicação on-line; 24 ref.; 5 tables; Sumaries (En, Pt)
942 ## - ADDED ENTRY ELEMENTS (KOHA)
Koha item type Analítica
520 ## - NOTA DE RESUMO
Nota de conteúdo <br/><br/>ABSTRACT: Due to the water restriction, associated with the high cost of fertilizers, and the need to produce forage in the semi-arid regions, studies using biofertilizers in cactus pear production tend to become impactful. The aim of this study was to evaluate the morphometric characteristics and yield of ‘Gigante’ cactus pear cultivated under doses and application intervals of bovine manure biofertilizer. The experimental design was in randomized blocks, in a 2 × 5 factorial scheme, with two biofertilizer application intervals (14 and 21 days) and five biofertilizer doses (0, 15, 30, 45 and 60 m3 ha-1). Three replicates were used, totaling 30 experimental units. The following variables were evaluated: plant height, number of cladodes, cladode length, cladode width and cladode area index, dry biomass percentage, and green and dry biomass yields. The use of 60 m3 ha-1 of liquid cattle manure biofertilizer increased the yield of ‘Gigante’ cactus pear. The application of 60 m3 ha-1 of biofertilizer at the interval of 14 days increased the yield of ‘Gigante’ cactus pear.<br/><br/>Key words: Opuntia ficus-indica, semi-arid region, organic fertilization
520 ## - NOTA DE RESUMO
Nota de conteúdo <br/><br/>RESUMO: A restrição hídrica associada ao elevado custo de fertilizantes, bem como, a necessidade de produzir forragem na região semiárida faz com que estudos utilizando biofertilizantes na produção de palma forrageira tendam a se tornarem impactantes. Objetivou-se com o presente estudo avaliar as características morfométricas e o rendimento de palma forrageira ‘Gigante’ cultivada sob doses e intervalos de aplicação de biofertilizante de esterco bovino. O delineamento experimental foi em blocos casualizados, no esquema fatorial 2 × 5, sendo dois intervalos de aplicação de biofertilizante (14 e 21 dias) e cinco doses de biofertilizante (0, 15, 30, 45 e 60 m3 ha-1). Foram utilizadas três repetições, totalizando 30 unidades experimentais. Foram avaliadas as seguintes variáveis: altura da planta, número de cladódios, comprimento, largura e índice de área de cladódio, percentagem de matéria seca, produtividade de biomassa verde e seca. A utilização de 60 m3 ha-1 de biofertilizante de esterco bovino liquido incrementa o rendimento da palma forrageira ‘Gigante’. A aplicação de 60 m3 ha-1 de biofertilizante no intervalo de 14 dias incrementa o rendimento da palma forrageira ‘Gigante’.<br/><br/>Palavras-chave: Opuntia ficus-indica, semiárido, adubação orgânica
650 ## - ASSUNTO - THESAGRO
Cabeçalho tópico ou nome geográfico PALMA FORRAGEIRA
650 ## - ASSUNTO - THESAGRO
Cabeçalho tópico ou nome geográfico ADUBO ORGÂNICO
650 ## - ASSUNTO - THESAGRO
Cabeçalho tópico ou nome geográfico MORFOLOGIA VEGETAL
650 ## - ASSUNTO - THESAGRO
Cabeçalho tópico ou nome geográfico RENDIMENTO
650 ## - ASSUNTO - THESAGRO
Cabeçalho tópico ou nome geográfico SEMIÁRIDO
773 0# - ENTRADA ANALÍTICA
Host Biblionumber 3534
Registro do item 317813
Imprenta Campina Grande-PB Universidade Federal de Campina Grande. Centro de Ciências e Tecnologia 1997
Outro identificador 2024-4532
Título Revista Brasileira de Engenharia Agrícola e Ambiental (Brazil)
ISSN 1415-4366
Colação v. 25 (9) p. 633-640; (2021)
Número de controle de registro BR2025002065
856 ## - ACESSO E ENDEREÇO ELETRÔNICO
Identificador uniforme de recurso - URI https://www.scielo.br/j/rbeaa/a/xWxHYwCbLfs35rDFtfZ7JrL/?format=pdf&lang=en

Nenhum exemplar disponível.

BINAGRI

Telefone: (61)3218-2567/2388/3357/2097 - binagri@agro.gov.br

Ministério da Agricultura e Pecuária , Esplanada dos Ministérios, Bloco D, Anexo B, Brasília/DF, CEP: 70.043-900